000 00295nam a22001337a 4500
008 170602b xxu||||| |||| 00| 0 eng d
020 _a0813113032
041 _aeng
080 _a94
100 _a17
101 _aSHH
245 _aA HISTORY OF REGULATORY TAXATION
_cLEE,R.A
942 _2udc
_cBK
999 _c15742
_d15742